[Event "It (c)"]
[Site "masterchessopen.com Brno (Czech Republic)"]
[Round "9"]
[White "Czarnota Dorota (POL)"]
[Black "Banas Jan (SVK)"]
[Result "1-0"]
[WhiteElo "2196"]
[BlackElo "2329"]

1.e4 c5 2.Nf3 d6 3.d4 cxd4 4.Nxd4 Nf6 5.Nc3 Nc6 6.Bg5 e6 7.Qd2 a6 8.O-O-O Bd7
9.f3 Nxd4 10.Qxd4 Bc6 11.e5 dxe5 12.Qxe5 Nd7 13.Qg3 Qa5 14.Bc4 Bb4 15.Rhe1 O-O
16.Rxd7 Bxc3 17.bxc3 Qxc3 18.Re5 Bxd7 19.Bf6 g6 20.Qg5 Qa3+ 21.Kb1 Rfc8 22.Be7
Qc3 23.Bb3 a5 24.Bf6 Qb4 25.Re4 Qf8 26.Bd4 h6 27.Qf6 Kh7 28.Rh4 a4 29.Rxh6+
{#r} 1-0

[Event "It (open)"]
[Site "masterchessopen.com Saint-Affrique (France)"]
[Date "2004.07.24"]
[Round "1"]
[White "Bissieres Mathieu (FRA)"]
[Black "Nevednichy Vladislav (ROM)"]
[Result "0-1"]
[WhiteElo "2169"]
[BlackElo "2552"]

1.e4 c5 2.Nf3 d6 3.d4 cxd4 4.Nxd4 Nf6 5.Nc3 Nc6 6.Bg5 e6 7.Qd2 a6 8.O-O-O Bd7
9.f4 b5 10.Nxc6 Bxc6 11.e5 dxe5 12.Qxd8+ Rxd8 13.Rxd8+ Kxd8 14.fxe5 h6
15.Bxf6+ gxf6 16.exf6 Rg8 17.Bd3 Rxg2 18.Be4 Bxe4 19.Nxe4 Kc7 20.Kd1 Kc6 21.h3
Kd5 22.Re1 Rh2 23.Nc3+ Kc6 24.Re3 Rf2 25.Ne4 Rf4 26.Kd2 Bc5 27.Re2 Bd4 28.c3
Bxf6 29.Ke3 Bg5 30.Rg2 Rh4+ {#R} 0-1

[Event "It (open)"]
[Site "masterchessopen.com Creon (France)"]
[Date "2004.08.03"]
[Round "3"]
[White "Aout Sebastien (FRA)"]
[Black "Bonn Thomas (FRA)"]
[Result "1-0"]
[WhiteElo "2226"]
[BlackElo "1993"]

1.e4 c5 2.Nf3 Nc6 3.d4 cxd4 4.Nxd4 Nf6 5.Nc3 d6 6.Bg5 e6 7.Qd2 a6 8.O-O-O Bd7
9.f3 Rc8 10.g4 Be7 11.h4 b5 12.Nxc6 Bxc6 13.Bd3 Bb7 14.Ne2 Qc7 15.Nd4 d5 16.e5
Nd7 17.Bxe7 Kxe7 18.f4 h5 19.gxh5 Rxh5 20.Be2 Rh7 21.h5 Rch8 22.Rhg1 Rg8
23.Rg5 f6 24.Rg6 Kf7 25.Rdg1 Rhh8 26.Rxg7+ {#r} 1-0

[Event "It (b)"]
[Site "masterchessopen.com Serpukhov (Russia)"]
[Date "2004.08.27"]
[Round "2"]
[White "Hansen Lars-Henrik Bech (DEN)"]
[Black "Andreev Eduard (UKR)"]
[Result "0-1"]
[WhiteElo "2050"]
[BlackElo "2494"]

1.e4 c5 2.Nf3 d6 3.d4 cxd4 4.Nxd4 Nf6 5.Nc3 Nc6 6.Bg5 e6 7.Qd2 a6 8.O-O-O Bd7
9.f4 h6 10.Bh4 g5 11.fxg5 Ng4 12.Be2 Nge5 13.Nf3 Be7 14.Kb1 hxg5 15.Bg3 b5
16.Nxe5 Nxe5 17.Rdf1 Qc7 18.Bxe5 dxe5 19.Bg4 f6 20.Rf3 O-O-O 21.h3 b4 22.Ne2
Kb8 23.Nc1 f5 24.Nd3 fxg4 25.Nxb4 Bb5 {#R} 0-1

[Event "It (open)"]
[Site "masterchessopen.com Arnhem (Netherlands)"]
[Round "6"]
[White "Swinkels Robin (NED)"]
[Black "Beeke Bobby (NED)"]
[Result "1-0"]
[WhiteElo "2231"]
[BlackElo "2190"]

1.e4 c5 2.Nf3 d6 3.d4 cxd4 4.Nxd4 Nf6 5.Nc3 Nc6 6.Bg5 e6 7.Qd2 a6 8.O-O-O Bd7
9.f4 b5 10.e5 dxe5 11.fxe5 Nxe5 12.Qe1 Qc7 13.Kb1 Nc4 14.Bxf6 gxf6 15.Nd5 Qd8
16.Bxc4 bxc4 17.Qe4 Rc8 18.Rhe1 Rc5 19.Qf5 Bd6 20.Nxf6+ Ke7 21.Nd5+ Kf8
22.Nxe6+ Bxe6 23.Rxe6 Qd7 24.Rf1 Bxh2 25.Qf6 Rg8 26.Re7 {#r} 1-0

[Event "It (open)"]
[Site "masterchessopen.com Bucharest (Romania)"]
[Date "2004.09.23"]
[Round "3"]
[White "Ardelean George Catalin (ROM)"]
[Black "Raceanu Valentin (ROM)"]
[Result "0-1"]
[WhiteElo "2461"]
[BlackElo "2370"]

1.e4 c5 2.Nf3 Nc6 3.d4 cxd4 4.Nxd4 Nf6 5.Nc3 d6 6.Bg5 e6 7.Qd2 a6 8.O-O-O Bd7
9.f3 Be7 10.Be3 Nxd4 11.Bxd4 O-O 12.g4 b5 13.Kb1 b4 14.Ne2 e5 15.Be3 Qa5
16.Ng3 Be6 17.b3 Rfc8 18.Nf5 Bf8 19.Bg5 Nd7 20.Nxd6 Bxd6 21.Qxd6 Nc5 22.Bd3
Nb7 23.Qe7 Rc7 {#R} 0-1

[Event "Ch SCG (team) (1 Central League)"]
[Site "masterchessopen.com Vrnjacka Banja (Serbia)"]
[Date "2004.09.27"]
[Round "4"]
[White "Radovanovic Dusan (SRB)"]
[Black "Lupulescu Constantin (ROM)"]
[Result "0-1"]
[WhiteElo "2370"]
[BlackElo "2560"]

1.e4 c5 2.Nf3 d6 3.d4 cxd4 4.Nxd4 Nf6 5.Nc3 Nc6 6.Bg5 e6 7.Qd2 a6 8.O-O-O Bd7
9.f4 b5 10.Nxc6 Bxc6 11.Bd3 Be7 12.e5 dxe5 13.fxe5 Nd7 14.Bxe7 Qxe7 15.Be4 Qc5
16.Rhe1 Ra7 17.b4 Qb6 18.Qd3 h6 19.Qg3 O-O 20.Rd6 Rc8 21.Red1 Rac7 22.Bxc6
Rxc6 23.Ne4 Rxc2+ 24.Kb1 Qc7 {#R} 0-1

[Event "It (open)"]
[Site "masterchessopen.com Binissalem (Spain)"]
[Date "2004.10.06"]
[Round "6"]
[White "Ostos Julio (VEN)"]
[Black "Veingold Aleksandr (EST)"]
[Result "0-1"]
[WhiteElo "2332"]
[BlackElo "2473"]

1.e4 c5 2.Nf3 d6 3.Nc3 Nf6 4.d4 cxd4 5.Nxd4 Nc6 6.Bg5 e6 7.Qd2 a6 8.O-O-O Bd7
9.f4 b5 10.Qe1 Nxd4 11.Rxd4 Qb6 12.Rd2 b4 13.Nd1 Rc8 14.Bxf6 gxf6 15.Ne3 b3
16.axb3 Qxb3 17.Kb1 Qb4 18.Bxa6 Rb8 19.c3 Qxe4+ 20.Bd3 Qxf4 21.Rf1 Qe5 22.Re2
Be7 23.Nf5 Qd5 24.Be4 Qb5 25.Nxe7 {#R} 0-1

[Event "Memorial M.Chigorin (open)"]
[Site "masterchessopen.com St. Petersburg (Russia)"]
[Date "2004.10.23"]
[Round "8"]
[White "Bezgodov Alexei (RUS)"]
[Black "Klimov Sergey (RUS)"]
[Result "1-0"]
[WhiteElo "2546"]
[BlackElo "2509"]

{ } 1.e4 { 1 } 1...c5 2.Nf3 d6 3.Nc3 Nc6 4.d4 cxd4 5.Nxd4 Nf6 6.Bg5 e6 7.Qd2
a6 8.O-O-O Bd7 9.f4 h6 10.Bh4 g5 ( 10...Rc8 11.Nf3 Be7 12.e5 dxe5 13.fxe5 Nd5
{ } ) 11.fxg5 Ng4 12.Nf3 { = } 12...Be7 { } ( 12...hxg5 13.Bg3 Be7 14.Be2 Nge5
15.Kb1 b5 16.Rdf1 Rc8 17.Nxe5 Nxe5 18.Rf2 f6 19.Rhf1 Bc6 20.a3 Bb7 21.h3 Nc4
22.Bxc4 Rxc4 23.Qd3 e5 24.Re2 Qc8 25.Rf5 Rxc3 26.bxc3 Qe6 27.Kb2 Kd7 28.Rf1
Qc4 29.Qxc4 bxc4 30.Ka2 Bc6 31.Rb1 Bd8 32.Rb8 { ...1/2-1/2, Short Nigel D 2655
- Kasparov Garry 2805 , London 1993 Ch World (match) (PCA) } ) 13.Bc4 { N } (
13.Bg3 hxg5 14.e5 ( 14.Kb1 Rc8 15.h3 Nge5 16.Be2 Nxf3 17.gxf3 e5 18.Nd5 Nd4
19.c3 Nxe2 20.Qxe2 Rxh3 21.Rxh3 Bxh3 22.Qh2 Be6 23.Bxe5 dxe5 24.Qh8+ Kd7
25.Nxe7+ Kxe7 26.Rxd8 Rxd8 27.Qxe5 f6 28.Qc5+ Kf7 29.Kc2 Rd7 30.b3 Kg7 31.Qe3
Kf7 32.f4 gxf4 { ...1-0, Voronov Yuri 2243 - Salimski A, Kiev 1999 It (open) }
) 14...d5 15.Bd3 Nb4 16.Kb1 Qb6 17.Rhe1 Rc8 18.Bf1 Rg8 19.h3 Nh6 20.Bf2 Qa5
21.Nd4 Rxc3 22.Qxc3 Qxa2+ 23.Kc1 Nc6 24.Nxc6 Bxc6 25.g4 Kd7 26.Bc5 Bd8 27.Ba3
Kc7 28.Kd2 Kb8 29.Ra1 d4 30.Qxc6 Ba5+ 31.b4 { 1-0, Grefe John A 2398 - Soltis
Andrew E 2407 , Cleveland 1975 } ) ( 13.g6 Bxh4 ( 13...fxg6 14.Bxe7 Qxe7 15.h3
Nge5 16.Qxd6 Qxd6 17.Rxd6 Nxf3 18.gxf3 Ke7 19.Rd2 Raf8 20.Rf2 Ne5 21.Be2 Rf4
22.Kd2 g5 23.Ke3 Rhf8 24.Rg1 Be8 25.Nb1 Bb5 26.Nd2 Rh4 27.Rg3 Rc8 28.Bxb5 axb5
29.f4 Nf7 30.c3 b4 31.cxb4 Rc2 32.Nb3 gxf4+ { ...1-0, Lobzhanidze Davit 2330 -
Mchedlishvili Mikheil 2370 , Tbilisi 1996 Tournament } ) 14.gxf7+ Kf8 15.Qxd6+
Be7 16.Qxd7 Nf2 17.Qxb7 Nxd1 18.Qxc6 Nxc3 19.Qxc3 Rh7 20.Bc4 Rc8 21.Nd4 Bc5
22.Kb1 { 1-0, Marjanovic Slavoljub 2490 - Popovic Petar 2490 , Yugoslavia 1980
} ) ( 13.g3 hxg5 ( 13...Nce5 14.Nxe5 dxe5 15.gxh6 Bxh4 16.gxh4 Qe7 17.h3 Nxh6
18.Qg5 f6 19.Qg6+ Nf7 20.Bc4 O-O-O 21.Rdf1 Nd6 22.Bb3 Rdf8 23.Qg1 Kb8 24.Qc5
Rc8 25.Qb4 Bc6 26.Rd1 Rcd8 27.Rd3 Rd7 28.Rhd1 Rhd8 29.Ba4 b5 30.Bb3 Kc7
31.Qa5+ Kb7 32.Qb4 Kc7 { ...1/2-1/2, Ferreira Jorge Antonio - Neves Andrey,
S.Sebastiro do Paraiso 2001 Cup Ouro Verde } ) 14.Bxg5 Nce5 15.Bxe7 Qxe7
16.Nxe5 dxe5 17.h3 Nf6 18.Qf2 Bc6 19.Bg2 Nd7 20.Kb1 Qc5 21.Qxc5 Nxc5 22.b4 Rg8
23.g4 Na4 24.Nxa4 Bxa4 25.Bf1 Bc6 26.Bd3 f5 27.gxf5 exf5 28.Rhg1 Rxg1 29.Rxg1
Kf7 30.exf5 e4 31.Bc4+ Kf6 32.Rg8 Rxg8 { ...1/2-1/2, Van Der Sterren Paul 2535
- Speelman Jonathan S 2578 , Groningen 1975 Ch Europe (juniors) (under 20) } )
( 13.Rg1 Nge5 14.Be2 b5 15.Rdf1 Rg8 16.Kb1 hxg5 17.Bg3 Qb6 18.Nxe5 dxe5 19.Bh5
Rg7 20.Rxf7 Rxf7 21.Rf1 O-O-O 22.Bxf7 Rf8 23.Rd1 Qc7 24.Bh5 Na5 25.Bxe5 Nc4
26.Bxc7 Nxd2+ 27.Rxd2 Kxc7 28.Bf3 Bc6 29.h3 Bc5 30.Rd1 Rf4 31.Ne2 Rh4 32.Nd4
Bxd4 { ...1/2-1/2, Al Sayed Mohamad N 2449 - Chahrani Ibrahim 2246 , Cairo
2003 Ch Arabic Countries } ) ( 13.Kb1 Nge5 14.Be2 b5 15.Rhf1 Nxf3 16.gxf3 hxg5
17.Bg3 Ne5 18.a3 Qc7 19.f4 gxf4 20.Bxf4 Rh7 21.Bg5 Bc6 22.h4 O-O-O 23.Qe3 Bxg5
24.Qxg5 Qb7 25.Rxd6 Rxd6 26.Qg8+ Rd8 27.Qxh7 b4 28.axb4 Qxb4 29.Bxa6+ Kb8
30.Qg7 Qa5 31.Bb5 { 1-0, Chudinovskikh Alexander M 2290 - Gradwohl Johann 2094
, Graz 1996 It (open) } ) ( 13.Be2 Nge5 14.Bg3 hxg5 15.Kb1 f6 16.h4 gxh4
17.Rxh4 Rxh4 18.Nxh4 Qa5 19.Bh5+ Kd8 20.Be2 b5 21.Bd3 Kc7 22.Be1 Kb7 23.Nf3
Rg8 24.Bf1 Ng4 25.Qf4 Qb6 26.Qd2 Qe3 27.Bd3 Qxd2 28.Rxd2 Nce5 29.Nxe5 fxe5
30.Re2 Bc6 31.a3 Bd8 32.Nd1 Bb6 { ...0-1, Unzicker Ferdinand 2290 - Arbakov
Valentin 2475 , Germany 1997 Bayern Oberliga } ) 13...Nge5 14.Bb3 hxg5 15.Bf2
b5 16.Be3 f6 17.h4 gxh4 18.Nxh4 Na5 19.Nf3 Rxh1 20.Rxh1 Nf7 21.Rh7 Nxb3+
22.axb3 Qa5 { ? } ( 22...b4 { !? } 23.Nb1 Qa5 24.Ng5 Nxg5 { } ) 23.Kb1 { ? } (
23.Qf2 { !? } 23...b4 24.Qg3 O-O-O 25.Na4 { } ) 23...b4 24.Na4 Bxa4 25.bxa4
Qxa4 26.Nd4 Rc8 27.b3 Qa5 { ? } ( { ? } 27...Qd7 28.Qe2 Bf8 29.Qxa6 e5 { } )
28.Nxe6 { ? } ( 28.Qe2 { !? } 28...Rc3 29.Nxe6 Qb5 30.Qd1 { } ) 28...Qe5
29.Qd5 Qc3 { ?? } ( { ? } 29...Qxd5 30.exd5 Ng5 31.Bxg5 fxg5 { } ) 30.Nc5 { }
{#r} 1-0

[Event "It (w)"]
[Site "masterchessopen.com Athens (Greece)"]
[Date "2004.11.16"]
[Round "1"]
[White "Trabert Bettina (GER)"]
[Black "Petraki Maria (GRE)"]
[Result "1-0"]
[WhiteElo "2331"]
[BlackElo "2108"]

1.e4 c5 2.Nf3 d6 3.d4 cxd4 4.Nxd4 Nf6 5.Nc3 Nc6 6.Bg5 Bd7 7.Qd2 a6 8.O-O-O e6
9.f3 Be7 10.h4 h6 11.Be3 h5 12.Bg5 Qb6 13.Nb3 Ne5 14.Be2 Rc8 15.f4 Nc4 16.Bxc4
Rxc4 17.Rhe1 O-O 18.e5 d5 19.exf6 gxf6 20.Bh6 Rfc8 21.Qd3 Kh8 22.Qg3 Rg8
23.Qf3 d4 24.Nxd4 Rxd4 25.Rxd4 Qxd4 26.Rd1 Qc5 27.Rxd7 Rc8 28.f5 {#r} 1-0

[Event "Ch Croatia"]
[Site "masterchessopen.com Zagreb (Croatia)"]
[Date "2004.11.20"]
[Round "5"]
[White "Brkic Ante (CRO)"]
[Black "Jankovic Alojzije (CRO)"]
[Result "0-1"]
[WhiteElo "2454"]
[BlackElo "2477"]

1.e4 c5 2.Nf3 d6 3.d4 cxd4 4.Nxd4 Nf6 5.Nc3 Nc6 6.Bg5 e6 7.Qd2 a6 8.O-O-O Bd7
9.f4 b5 10.Nxc6 Bxc6 11.Qe3 Be7 12.Bxf6 Bxf6 13.e5 Be7 14.Ne4 d5 15.Ng5 a5
16.Bd3 a4 17.Nf3 a3 18.b3 Qa5 19.Be2 Rc8 20.Nd4 Bd7 21.Rd3 O-O 22.g4 Bc5
23.Rf1 Qc7 24.Bd1 f6 25.Re1 fxe5 26.fxe5 Be8 27.Qh3 Qb6 {#R} 0-1

[Event "Ch Romania (w) (knock-out system)"]
[Site "masterchessopen.com Brasov (Romania)"]
[Date "2004.11.25"]
[Round "3"]
[White "Ionica Iulia-Ionela (ROM)"]
[Black "Peptan Corina-Isabela (ROM)"]
[Result "1-0"]
[WhiteElo "2240"]
[BlackElo "2429"]

1.e4 c5 2.Nf3 d6 3.d4 cxd4 4.Nxd4 Nf6 5.Nc3 Nc6 6.Bg5 e6 7.Qd2 a6 8.O-O-O Bd7
9.f4 Nxd4 10.Qxd4 Bc6 11.Nd5 exd5 12.exd5 Bd7 13.Re1+ Be7 14.Bxf6 gxf6 15.Qxf6
Rg8 16.Bd3 Kf8 17.Qh6+ Rg7 18.Bxh7 Bf6 19.Re3 Rc8 20.Rg3 Qb6 21.Qxf6 Rxh7
22.Qg5 Qf2 23.Qg8+ Ke7 24.Qxh7 Bb5 25.Rf3 Qe2 26.Rc3 Rxc3 27.bxc3 Bc4 28.Qh4+
Kd7 29.Re1 Qxg2 30.Re7+ {#r} 1-0

[Event "Ch Slovenia (team)"]
[Site "masterchessopen.com Celje (Slovenia)"]
[Date "2004.11.30"]
[Round "3"]
[White "Mihevc Ivo (SLO)"]
[Black "Tratar Marko (SLO)"]
[Result "0-1"]
[WhiteElo "2214"]
[BlackElo "2473"]

1.e4 c5 2.Nf3 d6 3.d4 cxd4 4.Nxd4 Nf6 5.Nc3 Nc6 6.Bg5 e6 7.Qd2 a6 8.O-O-O Bd7
9.f4 h6 10.Bxf6 Qxf6 11.g3 Qxd4 12.Qxd4 Nxd4 13.Rxd4 g5 14.Bg2 Bc6 15.Rhd1
O-O-O 16.R4d2 Be7 17.Ne2 h5 18.Nd4 Bd7 19.Rd3 h4 20.f5 hxg3 21.hxg3 g4 22.b3
Rh2 23.Rg1 Kb8 24.c4 Rc8 25.Kd2 b5 26.cxb5 axb5 27.fxe6 fxe6 28.Rc3 Bg5+ {#R}
0-1

[Event "It (open)"]
[Site "masterchessopen.com Navalmoral (Spain)"]
[Date "2004.12.05"]
[Round "3"]
[White "Lopez Martinez Josep Manuel (ESP)"]
[Black "Aloma Vidal Robert (ESP)"]
[Result "1-0"]
[WhiteElo "2481"]
[BlackElo "2297"]

1.e4 c5 2.Nf3 d6 3.d4 cxd4 4.Nxd4 Nf6 5.Nc3 Nc6 6.Bg5 e6 7.Qd2 a6 8.O-O-O Bd7
9.f3 b5 10.Nxc6 Bxc6 11.Kb1 Rc8 12.Bd3 h6 13.Bf4 Be7 14.h4 b4 15.Ne2 e5 16.Bh2
a5 17.g4 Nd7 18.Bg3 h5 19.gxh5 Rxh5 20.Bf2 g6 21.Ba6 Ra8 22.Bc4 Nb6 23.Bxb6
Qxb6 24.Ng3 Rxh4 25.Rxh4 Bxh4 26.Qxd6 Bxg3 27.Qf6 Ra7 28.Bb5 Bh4 29.Bxc6+ Kf8
30.Qh8+ {#r} 1-0

[Event "It (open)"]
[Site "masterchessopen.com Navalmoral (Spain)"]
[Date "2004.12.07"]
[Round "6"]
[White "Barria Daniel (CHI)"]
[Black "Krivoshey Sergei (UKR)"]
[Result "0-1"]
[WhiteElo "2347"]
[BlackElo "2499"]

1.e4 c5 2.Nf3 Nc6 3.d4 cxd4 4.Nxd4 Nf6 5.Nc3 d6 6.Bg5 e6 7.Qd2 a6 8.O-O-O Bd7
9.f3 Be7 10.Kb1 b5 11.Nxc6 Bxc6 12.Bd3 Qc7 13.Ne2 h6 14.Be3 Nd7 15.Nd4 Bb7
16.Rhe1 Rd8 {#R} 0-1

[Event "It (cat.6)"]
[Site "masterchessopen.com Sant Llorenz (Spain)"]
[Date "2004.12.17"]
[Round "6"]
[White "Mellado Trivino Juan (AND)"]
[Black "Mascaro March Pedro (ESP)"]
[Result "1-0"]
[WhiteElo "2423"]
[BlackElo "2323"]

1.e4 c5 2.Nf3 d6 3.d4 cxd4 4.Nxd4 Nf6 5.Nc3 Nc6 6.Bg5 e6 7.Qd2 a6 8.O-O-O Bd7
9.f4 h6 10.Bh4 g5 11.fxg5 Ng4 12.Nf3 Be7 13.g3 Nge5 14.Nxe5 Nxe5 15.gxh6 Bxh4
16.gxh4 Qxh4 17.Qxd6 Qf4+ 18.Kb1 O-O-O 19.h7 Ng6 20.Qc5+ Kb8 21.Bxa6 bxa6
22.Rd6 {#r} 1-0

[Event "Ch Asia (juniors)"]
[Site "masterchessopen.com Bikaner (India)"]
[Date "2004.12.27"]
[Round "7"]
[White "Hasan Mehdi (BAN)"]
[Black "Rohit G (IND)"]
[Result "0-1"]
[WhiteElo "2251"]
[BlackElo "2281"]

1.e4 c5 2.Nf3 d6 3.d4 cxd4 4.Nxd4 Nf6 5.Nc3 Nc6 6.Bg5 e6 7.Qd2 a6 8.O-O-O Bd7
9.Nb3 b5 10.f3 h6 11.Be3 Ne5 12.Qd4 Be7 13.f4 Nc6 14.Qd3 Qc7 15.Be2 Rc8 16.Bf3
Nb4 17.Qe2 Nxc2 18.Kxc2 b4 19.Bd2 Bb5 20.Qe3 e5 21.Kb1 bxc3 22.Bxc3 h5 23.fxe5
dxe5 24.h3 h4 25.Qf2 Qb8 {#R} 0-1

[Event "Cup Rilton"]
[Site "masterchessopen.com Stockholm (Sweden)"]
[Date "2005.01.03"]
[Round "7"]
[White "Nyysti Sampsa (FIN)"]
[Black "Forsberg Viktor (SWE)"]
[Result "1-0"]
[WhiteElo "2376"]
[BlackElo "2118"]

1.e4 c5 2.Nf3 d6 3.d4 cxd4 4.Nxd4 Nf6 5.Nc3 Nc6 6.Bg5 e6 7.Qd2 a6 8.O-O-O Bd7
9.f3 Be7 10.g4 h5 11.gxh5 Rxh5 12.h4 Rc8 13.f4 Qb6 14.Nb3 Qc7 15.Bg2 b5
16.Rhe1 Rh8 17.e5 dxe5 18.fxe5 Ng4 19.Bxe7 Nxe7 20.Nc5 {#r} 1-0

[Event "It (open)"]
[Site "masterchessopen.com Villa Ballester (Argentina)"]
[Date "2005.01.07"]
[Round "2"]
[White "Sosiuk Ezequiel (ARG)"]
[Black "Rissotti Laureano (ARG)"]
[Result "0-1"]
[WhiteElo "2021"]
[BlackElo "2278"]

1.e4 c5 2.Nf3 d6 3.d4 cxd4 4.Nxd4 Nf6 5.Nc3 Nc6 6.Bg5 e6 7.Qd2 a6 8.O-O-O Bd7
9.f4 Qc7 10.Nf3 O-O-O 11.Bd3 Be7 12.Rhe1 Kb8 13.e5 dxe5 14.fxe5 Ng8 15.a3 h6
16.Be3 Na5 17.Qf2 Bxa3 18.Nd5 exd5 19.Bb6 Qc3 20.Bxa5 Bxb2+ 21.Kb1 Qa3 22.c4
Qa1+ 23.Kc2 Qa2 24.Bxd8 Ba4+ 25.Kd2 Bd4+ 26.Bc2 Qxc2# 0-1

[Event "Ch Russia (club) (1/2 final)"]
[Site "masterchessopen.com Smolensk (Russia)"]
[Round "5"]
[White "Gabrielian Artur (RUS)"]
[Black "Smirnov Artem (RUS)"]
[Result "1-0"]
[WhiteElo "2485"]
[BlackElo "2375"]

1.e4 c5 2.Nf3 Nc6 3.d4 cxd4 4.Nxd4 Nf6 5.Nc3 d6 6.Bg5 e6 7.Qd2 a6 8.O-O-O Bd7
9.f3 Be7 10.h4 b5 11.Nxc6 Bxc6 12.Ne2 Bb7 13.g4 h6 14.Be3 a5 15.e5 Nd7 16.Bd4
Bxh4 17.f4 Be7 18.Ng3 Qc7 19.Rh3 b4 {#r} 1-0

[Event "It (open)"]
[Site "masterchessopen.com Linares (Spain)"]
[Date "2005.03.04"]
[Round "9"]
[White "Fernandez Romero Ernesto (ESP)"]
[Black "Aloma Vidal Robert (ESP)"]
[Result "1-0"]
[WhiteElo "2442"]
[BlackElo "2263"]

1.e4 c5 2.Nf3 d6 3.d4 cxd4 4.Nxd4 Nf6 5.Nc3 Nc6 6.Bg5 e6 7.Qd2 a6 8.O-O-O Bd7
9.f3 Be7 10.h4 b5 11.Nxc6 Bxc6 12.Ne2 Qc7 13.Nd4 Bb7 14.Kb1 h6 15.Be3 Nd7
16.g4 Ne5 17.Qe2 h5 18.g5 g6 19.Bc1 O-O 20.Bh3 Nc4 21.f4 Rfe8 22.b3 Nb6
23.Nxe6 fxe6 24.Bxe6+ Kf8 25.f5 Bc8 26.Rhf1 Bd8 27.fxg6+ Ke7 28.Bxc8 Qxc8
29.Rf7+ Ke6 30.Qxh5 d5 31.Bf4 {#r} 1-0

[Event "It (open)"]
[Site "masterchessopen.com La Roda (Spain)"]
[Date "2005.03.25"]
[Round "5"]
[White "Barria Daniel (CHI)"]
[Black "Ubilava Elizbar (ESP)"]
[Result "0-1"]
[WhiteElo "2440"]
[BlackElo "2525"]

1.e4 c5 2.Nf3 d6 3.d4 cxd4 4.Nxd4 Nf6 5.Nc3 Nc6 6.Bg5 Bd7 7.Qd2 a6 8.O-O-O e6
9.f3 Qc7 10.Be3 h5 11.g3 b5 12.a3 b4 13.axb4 Nxb4 14.Kb1 Rb8 15.h3 e5 16.Nf5
d5 17.Bg5 d4 18.Nxd4 exd4 19.Bf4 Qb6 20.Bxb8 dxc3 21.Qxc3 Qxb8 22.Bc4 Be7
23.e5 O-O 24.g4 Ba4 25.b3 Bc6 26.Rhe1 Qb6 27.exf6 Bxf6 28.Re5 Bxe5 29.Qxe5 Bb5
30.Bxb5 axb5 31.Qe7 Qa5 {#R} 0-1

[Event "Ch South Region (open)"]
[Site "masterchessopen.com Belorechensk (Russia)"]
[Round "0"]
[White "Yandarbiev Ruslan (RUS)"]
[Black "Kondenko Alexey (RUS)"]
[Result "1-0"]
[WhiteElo "2414"]
[BlackElo "2325"]

1.e4 c5 2.Nf3 d6 3.d4 cxd4 4.Nxd4 Nf6 5.Nc3 Nc6 6.Bg5 e6 7.Qd2 a6 8.O-O-O Bd7
9.f4 h6 10.Bxf6 gxf6 11.Be2 h5 12.Kb1 Rc8 13.Rhf1 b5 14.Nxc6 Bxc6 15.Bf3 b4
16.Ne2 a5 17.Nd4 Bd7 18.h4 Qc7 19.Rc1 e5 20.Nf5 Be6 21.Be2 Qc5 22.Ba6 Rc7
23.Qe2 exf4 24.Bb5+ Kd8 25.Rxf4 Rg8 26.Rf3 Rg4 27.Re3 Kc8 28.Ba4 Bc4 29.Qd2
Kb7 30.b3 Be6 31.Rd3 Rxe4 {#r} 1-0

[Event "Ch Europe"]
[Site "masterchessopen.com Warsaw (Poland)"]
[Date "2005.06.21"]
[Round "4"]
[White "Radjabov Teimour (AZE)"]
[Black "Kozul Zdenko (CRO)"]
[Result "1-0"]
[WhiteElo "2704"]
[BlackElo "2576"]

{ Kozul Zdenko (CRO) +53 =18 -36 } 1.e4 c5 2.Nf3 d6 3.d4 cxd4 4.Nxd4 Nf6 5.Nc3
Nc6 6.Bg5 e6 7.Qd2 a6 8.O-O-O Bd7 9.f4 b5 { ?/= } ( 9...h6 10.Bh4 g5 11.fxg5
Ng4 12.Be2 Nge5 13.Nf3 Be7 14.Rhg1 b5 15.Rdf1 b4 16.Nd1 a5 17.Kb1 a4 18.Nxe5
Nxe5 19.Qxb4 hxg5 20.Bg3 Rb8 21.Qd4 O-O 22.Rh1 Qc7 23.h4 g4 24.Qd2 Bc6 25.Bd3
{ 1/2-1/2, Sax Gyula 2525 - Kozul Zdenko 2570 , Sarajevo 1998 It } ) 10.e5 (
10.Bxf6 gxf6 11.Nxc6 Bxc6 12.Bd3 h5 13.Qe3 Rb8 14.Kb1 b4 15.Ne2 Qb6 16.Qh3 h4
17.Bc4 Qc5 18.Qd3 a5 19.f5 e5 20.b3 Ke7 21.Qf3 Rh7 22.Rd3 Kd7 23.Rhd1 Be7
24.Qg4 Rbh8 25.Ng1 Ke8 26.Nh3 Kf8 27.Qf3 Rg8 28.Bd5 Rhg7 29.R1d2 Rg4 { ...1-0,
Shirov Alexei 2714 - Kozul Zdenko 2591 , Sarajevo 25. 5.2005 It (cat.16) } )
10...dxe5 11.fxe5 Nxe5 12.Qe1 ( 12.Re1 Nc6 13.Nf5 Qa5 14.Nd6+ Bxd6 15.Qxd6 Rc8
16.Bxf6 gxf6 17.Rd1 Qc7 18.Ne4 Qxd6 19.Nxd6+ Ke7 20.Nxc8+ Rxc8 21.a4 bxa4
22.Bxa6 Rb8 23.Rhf1 Ne5 24.Rf4 Bc6 25.g3 f5 26.Be2 Be4 27.Rd4 Ra8 28.Rh4 a3
29.bxa3 Rxa3 30.Rxh7 Ra2 31.Bd1 Bd5 { ...1-0, Blazkova Petra 2225 - Firt
Stanislav 2340 , Czech Republic 1997 Ch MSS } ) 12...h6 { -0.37 CAP N } (
12...Qc7 13.Kb1 b4 ( 13...Nc4 14.Bxf6 gxf6 15.Nd5 Qd8 16.Bxc4 bxc4 17.Qe4 Rc8
18.Rhe1 Rc5 19.Qf5 Bd6 20.Nxf6+ Ke7 21.Nd5+ Kf8 22.Nxe6+ Bxe6 23.Rxe6 Qd7
24.Rf1 Bxh2 25.Qf6 Rg8 26.Re7 { 1-0, Swinkels Robin 2231 - Beeke Bobby 2190 ,
Arnhem 9.2004 It (open) } ) 14.Ne4 Be7 15.Nxf6+ gxf6 16.Bf4 a5 { 1/2-1/2,
Gashimov Vugar 2586 - Alekseev Evgeny 2604 , Istanbul 2003 Ch Europe } ) (
12...Qb8 13.Kb1 b4 14.Ne4 Nd5 15.Nf3 Bc6 16.Nd4 Bd7 17.Nb3 Qb6 18.Bc4 Nxc4
19.Rxd5 h6 20.Bh4 Qe3 21.Rd4 Qxe1+ 22.Rxe1 Bb5 23.Nbc5 Bxc5 24.Nxc5 g5 25.Bg3
Rc8 26.Nd3 a5 27.Rd5 Ba4 28.Rc5 Rxc5 29.Nxc5 Bc6 30.b3 Na3+ 31.Kb2 Nb5 32.Re5
{ ...0-1, Vitolins Alvis 2435 - Sherbakov Ruslan 2555 , Podolsk 1990 Ch URS
(club) } ) ( 12...Ng6 13.Ndxb5 axb5 14.Bxb5 Qa5 15.Rxd7 Nxd7 16.Qd2 Ra7 17.Rd1
Ne5 18.Qf4 Be7 19.Rxd7 Bxg5 20.Rxa7+ Qxb5 21.Ra8+ Kd7 22.Ra7+ Kc6 23.Ra6+ Kb7
24.Ra7+ Kb6 { 0-1, Shulman Vladlen 2316 - Klovans Janis 2475 , URS 1980 } ) (
12...b4 13.Nd5 Bd6 14.Nf5 exf5 15.Nxf6+ gxf6 16.Rxd6 Qe7 17.Rxf6 Qc5 18.Bf4
Be6 19.Qxe5 Qxe5 20.Bxe5 Rg8 21.g3 Ke7 22.Bd3 Rac8 23.Rh6 Bxa2 24.Bd6+ Kd8
25.Bxb4 Bb3 26.Re1 Rg6 27.Ba5+ { 1-0, Zellner Richard 2200 - Kraas
Hans-Joachim, Germany 1991 Regionalliga North South } ) 13.Bh4 { ?! ? } (
13.Qxe5 { !? } 13...hxg5 14.Kb1 Rc8 15.Bd3 { = } ) 13...Ng6 14.Bxf6 Qxf6
15.Bd3 Bc5 16.Nd5 { ?! ? } ( 16.Nf3 { !? } 16...Bc6 17.Ne4 Qf4+ 18.Kb1 { ? } )
16...Qg5+ 17.Kb1 O-O 18.Nc7 Bxd4 { ? ? } ( 18...Rad8 19.Bxg6 Qxg6 20.Qe5 Ba7 {
? } ) 19.Nxa8 e5 20.Nc7 Nf4 21.Be4 Nxg2 22.Qb4 { ? ? } ( 22.Bxg2 Qxg2 23.c3
Bf2 24.Qxe5 { ?/± } ) 22...Ne3 23.Rdg1 Nxc2 { ?? ±/+?? } ( 23...Qd8 24.Nxa6
Qc8 25.Qd6 Be6 { ?/? } ) 24.Qxf8+ Kxf8 25.Rxg5 hxg5 26.Kxc2 f5 27.Bb7 g4 { ?!
+?? } ( 27...a5 { !? } 28.b4 axb4 29.Kb3 Bc5 { ±/+?? } ) 28.Rd1 f4 29.Be4 { ?!
±/+?? } ( 29.Bxa6 { !? } 29...Bf5+ 30.Kb3 g3 31.hxg3 { +?? } ) 29...Ke7 { ?!
+?? } ( 29...Bc8 { !? } 30.b4 g5 31.Kd3 Ke7 { ±/+?? } ) 30.Nd5+ { +?? } {#r}
1-0